| 000 | 00848nam a22001937a 4500 | ||
|---|---|---|---|
| 999 |
_c9468 _d9468 |
||
| 003 | AR-CdUCM | ||
| 008 | 190328b ||||| |||| 00| 0 spa d | ||
| 040 |
_aMUNICIPALIDAD PROVINCIAL DEL CUSCO _cBIBLIOTECA MUNICIPAL DEL CUSCO |
||
| 082 |
_215ed. _a468 / _bB44 /1891 |
||
| 100 |
_aBello, Andrés _911162 |
||
| 245 | _aGramática de la lengua castellana destinada al uso de los americanos / | ||
| 260 |
_aMadrid : _bLibrería de Leocadio Lopez, _c1891. |
||
| 300 |
_a400 paginas ; _c18 cm. |
||
| 505 | _aContenido :Estructura material de la palabra --Clasificación de las palabras por sus varios oficios --División de las palabras en primitivas y derivadas,simples y compuestas --Varias especies de nombres --Numero de los nombres ... | ||
| 650 |
_aLengua española _91124 |
||
| 650 |
_aGramática _99175 |
||
| 942 |
_2ddc _cLIBROS |
||
| 945 | _arjall | ||